00000000nam##2200000za#4500
0019.569897
003CaOODSP
00520210624182002
007cr |||||||||||
008150406|1997||||xxc|||||o    f|0| 0 eng|d
040 |aCaOODSP|beng
043 |an-cn---
0861 |aNH18-1-2/71-1997E-PDF
1102 |aCanada Mortgage and Housing Corporation.
24510|aPlanning and managing traffic noise on urban roads : |h[electronic resource]|binternational and Canadian experience / |cby Margaret Eberle.
24615|aPlanning and managing traffic noise on urban roads : international examples
260 |aOttawa - Ontario : |bCanada Mortgage and Housing Corporation |cDecember 1997.
300 |a72p.|btables
4901 |aResearch report
504 |aBibliography.
546 |a(Résumé en français.)
590 |a11-25-Supp|b2011-10-31
7201 |aEberle, Margaret
830#0|aResearch report (Canada Mortgage and Housing Corporation : Online)|w(CaOODSP)9.506068
85640|ahttp://publications.gc.ca|qPDF|s1.05 MB|uhttps://publications.gc.ca/collections/collection_2011/schl-cmhc/nh18-1-2/NH18-1-2-71-1997-eng.pdf